000 00652nam a22002417a 4500
003 UA-OsUOA
001 74777
007 ta
008 20110418b un ||||| |||| 00| 0 ukr d
100 _aКосенко І.В.
090 _a821.161.2
_bК71
942 _cBK
040 _aUA-OsUOA
_bukr
_cUA-OsUOA
_dUA-OsUOA
245 _aКраснопілко моя чарівна
300 _a472 с.
955 _a2
041 _aukr
080 _a821.161.2
020 _a978-966-2190-25-0
260 _aВинниця
_bФОП Данилюк
_c2009
650 7 _a82 Література. Літературознавство
_2UDC
999 _c361070
_d361070